प्रियदर्शिनी (Record no. 1223252)

MARC details
000 -LEADER
fixed length control field 00659nam a2200193Ia 4500
008 - FIXED-LENGTH DATA ELEMENTS--GENERAL INFORMATION
fixed length control field 151121s9999||||xx |||||||||||||| ||und||
082 ## - DEWEY DECIMAL CLASSIFICATION NUMBER
Classification number 813-/दसनू
082 ## - DEWEY DECIMAL CLASSIFICATION NUMBER
Item number HNW-26856
100 ## - MAIN ENTRY--PERSONAL NAME
Personal name दसनूरकर स्नेहलता
245 ## - TITLE STATEMENT
Title प्रियदर्शिनी
260 ## - PUBLICATION, DISTRIBUTION, ETC. (IMPRINT)
Name of publisher, distributor, etc "ज्ञानदा प्रकाशन, पुणे।"
260 ## - PUBLICATION, DISTRIBUTION, ETC. (IMPRINT)
Date of publication, distribution, etc --
300 ## - PHYSICAL DESCRIPTION
Extent 175
600 ## - SUBJECT ADDED ENTRY--PERSONAL NAME
Personal name दसनूरकर स्नेहलता
630 ## - SUBJECT ADDED ENTRY--UNIFORM TITLE
Uniform title प्रियदर्शिनी
700 ## - ADDED ENTRY--PERSONAL NAME
Personal name दसनूरकर स्नेहलता
730 ## - ADDED ENTRY--UNIFORM TITLE
Uniform title प्रियदर्शिनी
942 ## - ADDED ENTRY ELEMENTS (KOHA)
Koha item type Book
Holdings
Withdrawn status Lost status Damaged status Not for loan Home library Current library Date acquired Cost, normal purchase price Total Checkouts Full call number Barcode Date last seen Cost, replacement price Price effective from Koha item type
        Hirachand Nemchand Wachanalaya, Solapur Hirachand Nemchand Wachanalaya, Solapur 11/21/2015 6.00   HNW-26856 HNW-26856 11/21/2015 6.00 11/21/2015 Book